Name the Wavix Levels List - Statistics

General Stats
  • This quiz has been taken 9 times
  • The average score is 25 of 48
Answer Stats
Creators Level % Correct
TeraIs71 Solarvix
100%
Wav1x, Saphii, and more WAVIXClub
100%
Saphii Asylum
89%
Shaquilleoatmeal and more Kureiji
89%
Archironi Possessed
89%
Saphii Wavix Madness
89%
TeraIs71 Wavix Madness 2
89%
Wav1x and more Furry Machine
78%
RoccatMouse Bacteriophage
67%
Wav1x and more Cleveland Circles
67%
Wav1x and more Detroit Circles
67%
Postalg METAL PIPE
67%
Stevenoct Mobile
67%
Archironi Unnamed
67%
RoccatMouse and Cynical411 Wavixbath
67%
RoccatMouse and Saphii Aftervix
56%
Archironi Bloodwater Bayou
56%
Wav1x and more Crackeron
56%
AngerGame153 Emerald Light
56%
Macky Ghost Town
56%
MrLowSpecGD, Saphii, and more Misery
56%
TheTomatoMan and more Party Hour
56%
Saphii and more The Wavixhouse
56%
RoccatMouse Wavix Bus
56%
RoccatMouse and Saphii Catavix
44%
Cynical411 Clevelands Barrier
44%
TeraIs71 Demon Wavix
44%
Cynical411 and Saphii Detroits Limit
44%
StevenOct FEAR
44%
Wav1x FearFull
44%
BOXGMd Humanity Circles
44%
Sandstorm5507 Wavix Never Clear
44%
NotAGoodName Wavix Redux Deluxe X
44%
Wav1x, Saphii, and more Zephyrus
44%
Saphii Enjoyable Experience
33%
Shaydien ForestFest
33%
Archironi Meat Mine
33%
Cynical411 and Saphii Miamis Peak
33%
BOXGMd Mold
33%
Wav1x and more Swing Frenzy
33%
Rticice Voidball
33%
CrimsonJS and Saphii WavixCLD Nerf
33%
Saphii Air Temple
22%
BOXGMd Awesome Honestly Map
22%
Wav1x FrostFire
22%
Wav1x The Garden
22%
Saphii Mean Bean Machine
11%
BOXGMd Ominous
11%
No matching quizzes found
Score Distribution
Percent of People with Each Score
Percentile by Number Answered
Your Score History
You have not taken this quiz